Qualitative theory of optimal processes (Record no. 25689)

MARC details
000 -LEADER
fixed length control field 00311nam a2200121Ia 4500
082 ## - DEWEY DECIMAL CLASSIFICATION NUMBER
Classification number 517
Item number GAB
100 ## - MAIN ENTRY--AUTHOR NAME
Personal name GABASON, R
245 #0 - TITLE STATEMENT
Title Qualitative theory of optimal processes
260 ## - PUBLICATION, DISTRIBUTION, ETC. (IMPRINT)
Place of publication New York
Name of publisher Marcel Dekker
Year of publication 1976
700 ## - ADDED ENTRY--PERSONAL NAME
Personal name KIRILLOVA, F
942 ## - ADDED ENTRY ELEMENTS (KOHA)
Koha item type Books
Holdings
Withdrawn status Lost status Damaged status Not for loan Home library Current library Date acquired Full call number Accession Number Koha item type
        RRII Library RRII Library 16/12/2021 517 GAB 06341 Books